1471 1898 1288 1131 1963 1607 1604 1527 1119 1337 1588 1035 1725 1257 1614 1028 1844 1907 1626 1937 1342 1092 1787 1665 1460 1193 1259 1376 1745 1019 1623 1444 1976 1599 1387 1190 1078 1674 1903 1771 1340 1411 1192 1583 1421 1296 1652 1511 1089 1227 1645 1205 1701 1588 1217 1967 1323 1157 1165 1452 1343 1630 1487 1621 1250 1052 1266 1618 1137 1570 1565 1913 1914 1403 1810 1665 1603 1147 1435 1668 1617 1581 1979 1850 1405 1469 1956 1859 1451 1948 1117 1413 1907 1812 1328 1028 1199 1829 1808 BCNSPRNW ULIB Ver.6.0+V

เปลี่ยนเป็นภาษาไทย

Change to English
 แสดงรายละเอียดบรรณานุกรม
  กลับหน้าหลัก

Brief Record : Get Marc (ISO 2709) : E-mail record : QR code < ปิดหน้าต่าง
LEADER : 00000nam 2200000uu 4500
001    13399114521
003     ULIB
008    120411s2544||||th 000 0 tha d
020    ^a9746138839 (ล.1)
020    ^a9746138847 (ล.2)
060 04 ^aWA485^bบ226ห ล.1-2 2544
245 10 ^aหลักความปลอดภัยในการทำงาน =^bPrinciples of Safety at work /^cมหาวิทยาลัยสุโขทัยธรรมาธิราช
246 31 ^aPrinciples of safety at work
250    ^aพิมพ์ครั้งที่ 11
260    ^aนนทบุรี :^bสำนักพิมพ์มหาวิทยาลัยสุโขทัยธรรมาธิราช,^c2544
300    ^a2 เล่ม :^bภาพประกอบ ;^c30 ซม.
500    ^a"เอกสารการสอนชุดวิชา 54103 หน่วยที่ 1-8, 9-15" -- หน้าปกใน
500    ^aสิ่งพิมพ์ของ มหาวิทยาลัยสุโขทัยธรรมาธิราช
500    ^aSend to Single Search
650  4 ^aความปลอดภัยในงานก่อสร้าง
650  4 ^aความปลอดภัยในท้องถนน
650  4 ^aความปลอดภัยในงานอุตสาหกรรม
650  4 ^aอุบัติเหตุ^xการป้องกัน
710 2  ^aมหาวิทยาลัยสุโขทัยธรรมาธิราช. ^bสาขาวิชาวิทยาศาสตร์สุขภาพ
945    ^p0^l0^i10421
945    ^p0^l0^i10420
945    ^p0^l0^i10422
945    ^p0^l0^i10423
995    ^aกัณชพร
999 ^a ใช้งานได้ทุกระบบ
รายการนี้ยังไม่มีแท็ก
คุณยังไม่ได้ล็อกอิน คุณสามารถมีกิจกรรมร่วมกับเว็บไซต์ได้ แต่ต้องล็อกอินก่อน ::
  ล็อกอิน

รายการสื่อสารสนเทศ

ลำดับที่ ประเภท เลขเรียก/บาร์โค้ด สถานที่ สถานะ
- ไม่พบข้อมูล -

รายการใกล้เคียง
    หัวเรื่อง [ความปลอดภัยในท้องถนน]
    หัวเรื่อง [ความปลอดภัยในงานอุตสาหกรรม]

BibComment


ยังไม่เคยถูกคอมเมนท์

คอมเมนท์ทรัพยากรรายการนี้
  คอมเมนท์: หลักความปลอดภัยใ..


 Copyright 2026. Bcnsprnw @Library